<?xml version="1.0" encoding="UTF-8"?><?xml-stylesheet type="text/xsl" href="static/style.xsl"?><OAI-PMH xmlns="http://www.openarchives.org/OAI/2.0/" xmlns:xsi="http://www.w3.org/2001/XMLSchema-instance" xsi:schemaLocation="http://www.openarchives.org/OAI/2.0/ http://www.openarchives.org/OAI/2.0/OAI-PMH.xsd"><responseDate>2026-04-17T04:19:58Z</responseDate><request verb="GetRecord" identifier="oai:www.recercat.cat:2445/189806" metadataPrefix="marc">https://recercat.cat/oai/request</request><GetRecord><record><header><identifier>oai:recercat.cat:2445/189806</identifier><datestamp>2025-12-05T09:49:27Z</datestamp><setSpec>com_2072_1057</setSpec><setSpec>col_2072_478778</setSpec><setSpec>col_2072_478917</setSpec></header><metadata><record xmlns="http://www.loc.gov/MARC21/slim" xmlns:dcterms="http://purl.org/dc/terms/" xmlns:xsi="http://www.w3.org/2001/XMLSchema-instance" xmlns:doc="http://www.lyncode.com/xoai" xsi:schemaLocation="http://www.loc.gov/MARC21/slim http://www.loc.gov/standards/marcxml/schema/MARC21slim.xsd">
   <leader>00925njm 22002777a 4500</leader>
   <datafield ind2=" " ind1=" " tag="042">
      <subfield code="a">dc</subfield>
   </datafield>
   <datafield ind2=" " ind1=" " tag="720">
      <subfield code="a">Pérez Portela, Rocío</subfield>
      <subfield code="e">author</subfield>
   </datafield>
   <datafield ind2=" " ind1=" " tag="720">
      <subfield code="a">Leiva, Carlos</subfield>
      <subfield code="e">author</subfield>
   </datafield>
   <datafield ind2=" " ind1=" " tag="260">
      <subfield code="c">2022-10-11T14:09:59Z</subfield>
   </datafield>
   <datafield ind2=" " ind1=" " tag="260">
      <subfield code="c">2022-10-11T14:09:59Z</subfield>
   </datafield>
   <datafield ind2=" " ind1=" " tag="260">
      <subfield code="c">2022-07-18</subfield>
   </datafield>
   <datafield ind2=" " ind1=" " tag="260">
      <subfield code="c">2022-10-11T14:09:59Z</subfield>
   </datafield>
   <datafield ind2=" " ind1=" " tag="520">
      <subfield code="a">The abundance of the black sea urchin, Arbacia lixula, has been increasing during the last decades likely related to global warming. This thermophilous species has a leading role in maintaining marine barrens in the Mediterranean with the consequent negative impact on coastal rocky ecosystems due to its grazing activity. In this study, we used transcriptomic data from coelomocytes (the cell effectors of the immune system) of females and males of this sea urchin to study potential differences in performance between sexes under laboratory conditions. Differential adaptations, responses to environmental stressors, and resistance against pathogens between sexes may lead to different outcomes in the ongoing expansion of this species in the Mediterranean Sea. Differential expression analyses demonstrated the existence of 120 transcripts, corresponding to 119 genes and two isoforms of the same gene, differentially expressed between coelomocytes of females and males, being 73 up-regulated in males and 47 up-regulated in females. The differential expression patterns were retrieved from a diversity of genes that play different roles related to the immune response due to their antibacterial activity, immune cell activation, cell to cell interaction, intracellular signaling, and detoxification functioning, among others. Our results point out a higher energetic demand of male coelomocytes due to a higher immune activity than females, whereas females have more efficient molecular systems to avoid oxidative stress caused by infections. In conclusion, our study provides evidence of sex-based differences in the expression of genes related to the immune and stress responses in coelomocytes of the sea urchin A. lixula.</subfield>
   </datafield>
   <datafield tag="653" ind2=" " ind1=" ">
      <subfield code="a">Eriçons de mar</subfield>
   </datafield>
   <datafield tag="653" ind2=" " ind1=" ">
      <subfield code="a">Cèl·lules immunocompetents</subfield>
   </datafield>
   <datafield tag="653" ind2=" " ind1=" ">
      <subfield code="a">Expressió gènica</subfield>
   </datafield>
   <datafield tag="653" ind2=" " ind1=" ">
      <subfield code="a">Sea urchins</subfield>
   </datafield>
   <datafield tag="653" ind2=" " ind1=" ">
      <subfield code="a">Immunocompetent cells</subfield>
   </datafield>
   <datafield tag="653" ind2=" " ind1=" ">
      <subfield code="a">Gene expression</subfield>
   </datafield>
   <datafield ind2="0" ind1="0" tag="245">
      <subfield code="a">Sex-specific transcriptomic differences in the immune cells of a key Atlantic-Mediterranean sea urchin</subfield>
   </datafield>
</record></metadata></record></GetRecord></OAI-PMH>